000 02170cas a2200613 4500
001 11188485
003 OSt
005 20230629131428.0
008 750918c19749999enkqr p lrv 0 a0eng
010 _a 75642467
015 _aGB7423175
_2bnb
016 _a(AMICUS)000000104437
016 7 _a011099925
_2DE-101
016 7 _a195747-8
_2DE-600
016 7 _a009921296
_2Uk
022 _a0305-0718
_l0305-0718
_2z
035 _a(OCoLC)ocm01799322
037 _b(Commonwealth Secretariat Publications) Marlborough House
040 _aDLC
_beng
_cDLC
_dNSD
_dNST
_dDLC
_dHUL
_dDLC
_dSYS
_dMUQ
_dOCLCQ
_dNYDWH
_dDOS
_dOCLCQ
_dGBVCP
_dUKMGB
_dOCLCQ
_dOCLCF
_dOCLCQ
_dNLC
_dOCLCQ
_dDLC
_dOCLCQ
_dMM9
_dNLVRD
_dOCLCO
042 _apcc
_ansdp
043 _ab------
050 0 0 _aK3
_b.O3838
082 0 4 _a348/.009171241
_bCLB
222 0 _aCommonwealth law bulletin
245 0 0 _aCommonwealth law bulletin.
260 _aLondon,
_bCommonwealth Secretariat.
300 _avolumes
_c21 cm
336 _atext
_btxt
_2rdacontent
337 _aunmediated
_bn
_2rdamedia
338 _avolume
_bnc
_2rdacarrier
362 0 _ano. 1- July 1974-
555 _a1984-1988. 1 v.
590 _aSERBIB/SERLOC merged record
610 2 7 _aCommonwealth.
_2unbisn
650 0 _aLaw
_zCommonwealth countries
_vPeriodicals.
650 6 _aDroit
_zCommonwealth
_vPériodiques.
650 6 _aDroit
_zPays du Commonwealth
_vPériodiques.
650 7 _aLaw.
_2fast
_0(OCoLC)fst00993678
650 7 _aMunicipal law.
_2pplt
650 1 7 _aLAW.
_2unbist
650 1 7 _aCOMPARATIVE LAW.
_2unbist
651 7 _aCommonwealth countries.
_2fast
_0(OCoLC)fst01240090
653 _aCommonwealth countries
_aLaw
_aSerials
655 7 _aPeriodicals.
_2fast
_0(OCoLC)fst01411641
710 2 _aCommonwealth Secretariat.
776 0 8 _iOnline version:
_tCommonwealth law bulletin (Online)
_x1750-5976
_w(DLC) 2007228600
_w(OCoLC)71221857
906 _a7
_bcbc
_cserials
_d4
_encip
_f19
_gn-oclcserc
942 _2ddc
_cBK
999 _c3053
_d3053